Erfolgreichste Horrorfilm-Franchises in Deutschland - Statistiken

Allgemein
  • Dieses Quiz wurde 231 mal gespielt
  • Das Durchschnittsergebnis liegt bei 5 aus 15
Antwortstatistiken
Franchise Jahr 1. Teil Kinobesucher Kinofilme % Korrekt
Saw 2004 5.997.215 10
85%
Halloween 1979 3.924.804 13
69%
Scream 1997 6.283.824 6
67%
Es 1990 5.067.962 2
60%
Conjuring 2013 6.704.926 9
43%
Alien 1979 10.605.016 9
37%
Scary Movie 2000 9.709.828 5
34%
Final Destination 2000 4.810.844 6
31%
Der weiße Hai 1975 9.214.264 4
23%
Der Exorzist 1974 6.311.464 6
19%
Psycho 1960 5.441.531 5
18%
Das Schweigen der Lämmer / Hannibal 1991 9.673.692 4
17%
Predator 1987 2.860.898 5
15%
Resident Evil 2002 3.929.307 6
11%
Gremlins 1984 5.721.294 2
9%
Keine übereinstimmenden Quizze gefunden
Verteilung der Resultate
Anzahl Personen mit jedem Resultat
Perzentil nach korrekt beantworteten Fragen
Ihre Resultats-Entwicklung
Sie haben dieses Quiz noch nicht gespielt